000 00185 a2200097 4500
020 _a9788493562939
041 _aspa
100 _aAnonimo
245 _aAntartida estacion polar
942 _cBK
999 _c510
_d510